<?xml version="1.0" encoding="UTF-8"?>
<collection xmlns="http://www.loc.gov/MARC21/slim">
 <record>
  <leader>01318pamaa2200205   4500</leader>
  <controlfield tag="001">0000039832</controlfield>
  <controlfield tag="005">20100525090000.0</controlfield>
  <controlfield tag="008">100525                             eng  </controlfield>
  <datafield tag="090" ind1="0" ind2="0">
   <subfield code="a">HG173 </subfield>
   <subfield code="b">FAB 2010</subfield>
  </datafield>
  <datafield tag="100" ind1="1" ind2="0">
   <subfield code="a">Fabozzi </subfield>
  </datafield>
  <datafield tag="245" ind1="1" ind2="0">
   <subfield code="a">Foundations of financial markets and institutions  </subfield>
   <subfield code="c">Frank J. Fabozzi, Franco Modigliani, Frank J. Jones.</subfield>
  </datafield>
  <datafield tag="250" ind1="0" ind2="0">
   <subfield code="a">4th ed.</subfield>
  </datafield>
  <datafield tag="260" ind1="0" ind2="0">
   <subfield code="a">Boston, MA: </subfield>
   <subfield code="b">Pearson/Addison-Wesley, </subfield>
   <subfield code="c">2010.</subfield>
  </datafield>
  <datafield tag="300" ind1=" " ind2=" ">
   <subfield code="a">xxiii, 695p.: </subfield>
   <subfield code="b">ill.; </subfield>
   <subfield code="c">24 cm.</subfield>
  </datafield>
  <datafield tag="505" ind1="0" ind2="0">
   <subfield code="a">Financial institutions, financial intermediaries, and asset management firms -- Depository institutions : activities and characteristics -- The u.s. federal reserve and the creations of money -- Monetary policy -- Insurance companies -- Investment companies and exchange-traded funds -- Pension funds -- Properties and pricing of financial assets -- The level and structure of interest rates -- The term structure of interest rates -- Risk/return and asset pricing model -- Primary markets and the underwriting of securities -- Secondary markets -- Treasury and agency securities markets -- Municipal securities markets -- Markets for common stock: the basic characteristics.</subfield>
  </datafield>
  <datafield tag="650" ind1="0" ind2="0">
   <subfield code="a">Financial institutions </subfield>
  </datafield>
  <datafield tag="650" ind1="0" ind2="0">
   <subfield code="a">Finance </subfield>
  </datafield>
  <datafield tag="700" ind1="1" ind2="1">
   <subfield code="a">Modigliani, </subfield>
   <subfield code="h">Franco </subfield>
  </datafield>
  <datafield tag="700" ind1="1" ind2="1">
   <subfield code="a">Jones, </subfield>
   <subfield code="h">Frank Joseph </subfield>
  </datafield>
  <datafield tag="901" ind1=" " ind2=" ">
   <subfield code="u">www.pearsonhighered.com</subfield>
  </datafield>
 </record>
</collection>
